| LEADER | 00711cam a2200229 4500 | ||
|---|---|---|---|
| 001 | 007728003-2 | ||
| 005 | 20024617104250.0 | ||
| 008 | 890721s1960 ch 000 0 chi | ||
| 010 | |a c 62002877 /L | ||
| 035 | 0 | |a ocm20052768 | |
| 040 | |a DLC |c CLU |d *YNH* |d CStRLIN | ||
| 050 | 0 | |a B128.M35 |b .C5 | |
| 100 | 1 | |6 880-01 |a Cheng, Zhaoxiong. | |
| 245 | 1 | 0 | |6 880-02 |a Mengzi jiang yi, |c Cheng Zhaoxiong zhu. |
| 260 | |6 880-03 |a Taibei, |b Li xing shu ju zong jing xiao, |c Min guo 49 [1960] | ||
| 300 | |a 194 p. |c 21 cm. | ||
| 600 | 0 | 0 | |a Mencius. |
| 880 | 1 | |6 100-01 |a 程兆熊. | |
| 880 | 1 | 0 | |6 245-02 |a 孟子講義, |c 程兆熊著. |
| 880 | |6 260-03 |a 台北, |b 力行書局總經銷, |c 民國49 [1960] | ||
| 988 | |a 20021127 | ||
| 906 | |0 DLC | ||


